| 000 | 00519nam a2200193 a 4500 | ||
|---|---|---|---|
| 005 | 20140412111422.0 | ||
| 008 | 080122s19uu xx 00 eng d | ||
| 020 | _a978-971-0417-45-2 | ||
| 050 |
_aTR(GS 372.7 _bM42 2007 |
||
| 245 | _aMath. | ||
| 260 |
_aPhilippines : _bStraight Lines International, _c2007. |
||
| 440 | _aJunior Academic Series | ||
| 500 | _aPreschool. vol.3 | ||
| 650 | _aNumbers and counting | ||
| 650 | _aPatterns classifying | ||
| 650 | _aComparing | ||
| 999 |
_c106087 _d106087 |
||